[Event "19. Open de Sants Hostafrancs 2017"]
[Site "Barcelona ESP"]
[Date "2017.08.19"]
[Round "2.33"]
[White "Sole Pijuan, Ferran"]
[Black "Trent, Lawrence"]
[Result "1/2-1/2"]
[WhiteElo "2216"]
[BlackElo "2439"]
[PlyCount "93"]
[EventDate "2017.08.18"]
[EventType "swiss"]
[EventRounds "10"]
[EventCountry "ESP"]
[SourceTitle "Ajedrez en Madrid"]
[Source "lmi"]
[SourceDate "2017.08.18"]

1. d4 Nf6 2. c4 e6 3. Nc3 d5 4. cxd5 Nxd5 5. e4 Nxc3 6. bxc3 c5 7. Nf3 cxd4 8.
cxd4 Bb4+ 9. Bd2 Bxd2+ 10. Qxd2 O-O 11. Bc4 Nd7 12. O-O b6 13. d5 Nc5 14. Rfd1
Qf6 15. e5 Qg6 16. d6 Bb7 17. Qe3 Nd7 18. Bd3 Qh5 19. Be4 Bxe4 20. Qxe4 Nc5 21.
Qe3 f6 22. a4 Qf7 23. a5 Nd7 24. axb6 axb6 25. Qe4 Rxa1 26. Rxa1 Nxe5 27. Nxe5
fxe5 28. f3 Qf4 29. Qxf4 exf4 30. Rb1 Rb8 31. d7 Rd8 32. Rxb6 Kf7 33. Rb4 e5
34. g3 fxg3 35. hxg3 Rxd7 36. Kg2 Re7 37. f4 e4 38. Kf2 Kf6 39. Ke3 Kf5 40.
Rb5+ Kg4 41. Rg5+ Kh3 42. Rh5+ Kxg3 43. Rxh7 Kg4 44. Rh1 g6 45. Rg1+ Kf5 46.
Rg5+ Kf6 47. Ra5 1/2-1/2

[Event "19. Open de Sants Hostafrancs 2017"]
[Site "Barcelona ESP"]
[Date "2017.08.19"]
[Round "2.34"]
[White "Diaz Camallonga, Carles"]
[Black "Nordenbaek, Jan"]
[Result "1-0"]
[WhiteElo "2437"]
[BlackElo "2210"]
[PlyCount "53"]
[EventDate "2017.08.18"]
[EventType "swiss"]
[EventRounds "10"]
[EventCountry "ESP"]
[SourceTitle "Ajedrez en Madrid"]
[Source "lmi"]
[SourceDate "2017.08.18"]

1. e4 c5 2. Nf3 g6 3. c4 Bg7 4. d4 cxd4 5. Nxd4 Nc6 6. Be3 d6 7. Nc3 Nf6 8. Be2
O-O 9. O-O Nxd4 10. Bxd4 Be6 11. Qd2 Nd7 12. Bxg7 Kxg7 13. f4 f5 14. exf5 gxf5
15. b3 Qb6+ 16. Kh1 Nf6 17. Bf3 Rfe8 18. Rfe1 Bf7 19. Nd5 Nxd5 20. cxd5 Rac8
21. Re3 Qc5 22. Rae1 Rc7 23. Qd3 Bg6 24. h4 h5 25. Qd1 Bf7 26. Bxh5 Rh8 27.
Qa1+ 1-0

[Event "19. Open de Sants Hostafrancs 2017"]
[Site "Barcelona ESP"]
[Date "2017.08.19"]
[Round "2.35"]
[White "Laustsen, Lars"]
[Black "Rizouk, Aimen"]
[Result "0-1"]
[WhiteElo "2204"]
[BlackElo "2433"]
[PlyCount "82"]
[EventDate "2017.08.18"]
[EventType "swiss"]
[EventRounds "10"]
[EventCountry "ESP"]
[SourceTitle "Ajedrez en Madrid"]
[Source "lmi"]
[SourceDate "2017.08.18"]

1. d4 Nf6 2. c4 e6 3. g3 c5 4. d5 exd5 5. cxd5 d6 6. Nc3 g6 7. Bg2 Bg7 8. Nf3
O-O 9. O-O Re8 10. Bf4 Ne4 11. Nxe4 Rxe4 12. Nd2 Rxf4 13. gxf4 Bxb2 14. Rb1 Bg7
15. e4 Nd7 16. Re1 Qh4 17. Qf3 Bh6 18. Qg3 Qf6 19. e5 Qxf4 20. e6 Qxg3 21. hxg3
Bxd2 22. e7 Nf6 23. e8=Q+ Nxe8 24. Rxe8+ Kg7 25. Rb2 Bc3 26. Rb3 Ba5 27. Bh3 c4
28. Ra3 c3 29. Rxa5 c2 30. Re1 Bxh3 31. Ra4 Rc8 32. Rc1 a6 33. Rd4 h5 34. f3
Bf5 35. Kf2 g5 36. g4 hxg4 37. fxg4 Bg6 38. Ke3 Rc3+ 39. Kd2 Ra3 40. Rb4 b5 41.
Rb2 Ra4 0-1

[Event "19. Open de Sants Hostafrancs 2017"]
[Site "Barcelona ESP"]
[Date "2017.08.19"]
[Round "2.36"]
[White "Petrosyan, Tigran S"]
[Black "Hinrichs, Lars"]
[Result "1-0"]
[WhiteElo "2430"]
[BlackElo "2207"]
[PlyCount "63"]
[EventDate "2017.08.18"]
[EventType "swiss"]
[EventRounds "10"]
[EventCountry "ESP"]
[SourceTitle "Ajedrez en Madrid"]
[Source "lmi"]
[SourceDate "2017.08.18"]

1. Nf3 Nf6 2. c4 d6 3. d4 g6 4. Nc3 Bf5 5. g3 Bg7 6. Bg2 Ne4 7. Nxe4 Bxe4 8.
O-O O-O 9. Bh3 b6 10. d5 Bxf3 11. exf3 c6 12. Re1 cxd5 13. Bg5 Nc6 14. cxd5 Ne5
15. f4 f6 16. Be6+ Kh8 17. Bh4 Nd7 18. Qe2 a5 19. g4 Nc5 20. f5 Bh6 21. Bg3 Ra7
22. fxg6 hxg6 23. f4 Qe8 24. b3 f5 25. g5 Bg7 26. Rac1 Bd4+ 27. Bf2 Nxe6 28.
Bxd4+ Nxd4 29. Qb2 Qb5 30. Qxd4+ Kg8 31. Re3 Qb4 32. Rc4 1-0

[Event "19. Open de Sants Hostafrancs 2017"]
[Site "Barcelona ESP"]
[Date "2017.08.19"]
[Round "2.37"]
[White "Gueci, Tea"]
[Black "Cruz, Jonathan"]
[Result "0-1"]
[WhiteElo "2200"]
[BlackElo "2424"]
[PlyCount "84"]
[EventDate "2017.08.18"]
[EventType "swiss"]
[EventRounds "10"]
[EventCountry "ESP"]
[SourceTitle "Ajedrez en Madrid"]
[Source "lmi"]
[SourceDate "2017.08.18"]

1. e4 e5 2. Nf3 Nc6 3. Bb5 a6 4. Ba4 Nf6 5. O-O d6 6. d3 g6 7. c3 Bg7 8. Re1
O-O 9. h3 Nh5 10. d4 b5 11. Bc2 Qe7 12. a4 Bd7 13. Be3 Na5 14. axb5 axb5 15.
Na3 b4 16. cxb4 Nc6 17. b5 Nxd4 18. Nxd4 exd4 19. Bxd4 Bxd4 20. Qxd4 Nf4 21. e5
Qg5 22. Be4 Bxh3 23. Bxa8 Nxg2 24. Kh2 Nf4 25. Bc6 Qh4 26. Qxf4 Qxf4+ 27. Kxh3
Qxf2 28. exd6 Qf5+ 29. Kg3 Qd3+ 30. Kg2 Qxd6 31. Rad1 Qb4 32. Re2 h5 33. Rd3
Qg4+ 34. Kf1 Qf5+ 35. Rf3 Qc5 36. Rd3 Kg7 37. Nc2 Qf5+ 38. Rf3 Qg5 39. Ne3 Rd8
40. Rg2 Qc5 41. Rc2 Qb4 42. b3 f5 0-1

[Event "19. Open de Sants Hostafrancs 2017"]
[Site "Barcelona ESP"]
[Date "2017.08.19"]
[Round "2.38"]
[White "Louis, Thibault"]
[Black "Sundararajan, Kidambi"]
[Result "1/2-1/2"]
[WhiteElo "2186"]
[BlackElo "2422"]
[PlyCount "49"]
[EventDate "2017.08.18"]
[EventType "swiss"]
[EventRounds "10"]
[EventCountry "ESP"]
[SourceTitle "Ajedrez en Madrid"]
[Source "lmi"]
[SourceDate "2017.08.18"]

1. e4 c5 2. Nf3 Nc6 3. Bb5 e6 4. O-O Nge7 5. d4 cxd4 6. Nxd4 b6 7. Nxc6 Nxc6 8.
Bxc6 dxc6 9. Qxd8+ Kxd8 10. Rd1+ Ke8 11. Bf4 f6 12. Bd6 Bxd6 13. Rxd6 Bb7 14.
Nc3 Rd8 15. Rad1 Rxd6 16. Rxd6 Ke7 17. Rd2 c5 18. f3 Bc6 19. Kf2 Rb8 20. Ke3 g5
21. Nd1 h5 22. Nf2 f5 23. g3 Rf8 24. Nd3 Be8 25. exf5 1/2-1/2

[Event "19. Open de Sants Hostafrancs 2017"]
[Site "Barcelona ESP"]
[Date "2017.08.19"]
[Round "2.39"]
[White "Lorenzo De La Riva, Lazaro"]
[Black "Esposito, Luca"]
[Result "1-0"]
[WhiteElo "2415"]
[BlackElo "2203"]
[PlyCount "65"]
[EventDate "2017.08.18"]
[EventType "swiss"]
[EventRounds "10"]
[EventCountry "ESP"]
[SourceTitle "Ajedrez en Madrid"]
[Source "lmi"]
[SourceDate "2017.08.18"]

1. e4 c5 2. Nf3 e6 3. d4 cxd4 4. Nxd4 Nc6 5. Nc3 Qc7 6. Be3 a6 7. Qf3 Bd6 8.
O-O-O Be5 9. Nxc6 bxc6 10. Bd4 Bxd4 11. Rxd4 e5 12. Rd2 Nf6 13. g4 h6 14. Rg1
Ke7 15. h4 g5 16. hxg5 hxg5 17. Qe3 Rg8 18. Bc4 d6 19. f3 Qa7 20. Qe1 Qc5 21.
Bb3 Be6 22. Na4 Qa7 23. Rd1 Bxb3 24. axb3 Qc7 25. Rh1 Nd7 26. Rh6 Nf6 27. Qe3
Rg7 28. Nc3 Rag8 29. Ne2 Rg6 30. Rxg6 Rxg6 31. Ng3 Nd7 32. Nf5+ Kd8 33. Qd2 1-0

[Event "19. Open de Sants Hostafrancs 2017"]
[Site "Barcelona ESP"]
[Date "2017.08.19"]
[Round "2.40"]
[White "Blasco Coll, Andreu"]
[Black "Valdes Romero, Leonardo"]
[Result "1/2-1/2"]
[WhiteElo "2181"]
[BlackElo "2415"]
[PlyCount "73"]
[EventDate "2017.08.18"]
[EventType "swiss"]
[EventRounds "10"]
[EventCountry "ESP"]
[SourceTitle "Ajedrez en Madrid"]
[Source "lmi"]
[SourceDate "2017.08.18"]

1. d4 Nf6 2. c4 g6 3. Nc3 d5 4. Nf3 Bg7 5. Qb3 dxc4 6. Qxc4 O-O 7. e4 a6 8. Be2
b5 9. Qb3 c5 10. dxc5 Be6 11. Qc2 Nbd7 12. c6 Nb8 13. Ng5 Nxc6 14. Nxe6 fxe6
15. Be3 Nd4 16. Bxd4 Qxd4 17. Qb3 b4 18. Qxe6+ Kh8 19. Nd1 Nxe4 20. O-O Rf6 21.
Qxe7 Raf8 22. Rc1 Nxf2 23. Nxf2 Rxf2 24. Kh1 Qxb2 25. Bxa6 h5 26. Qe4 Kh7 27.
Bd3 R8f6 28. Rb1 Qxa2 29. Rxf2 Qxf2 30. Qxb4 Rf4 31. Qb6 Qxb6 32. Rxb6 Rf6 33.
Rxf6 Bxf6 34. Kg1 Kh6 35. Kf2 Be5 36. h3 h4 37. Kf3 1/2-1/2

[Event "19. Open de Sants Hostafrancs 2017"]
[Site "Barcelona ESP"]
[Date "2017.08.19"]
[Round "2.41"]
[White "Erdogdu, Mert"]
[Black "Gomez Dieguez, David"]
[Result "1/2-1/2"]
[WhiteElo "2415"]
[BlackElo "2199"]
[PlyCount "147"]
[EventDate "2017.08.18"]
[EventType "swiss"]
[EventRounds "10"]
[EventCountry "ESP"]
[SourceTitle "Ajedrez en Madrid"]
[Source "lmi"]
[SourceDate "2017.08.18"]

1. c4 Nf6 2. Nc3 c5 3. Nf3 Nc6 4. g3 g6 5. Bg2 Bg7 6. O-O O-O 7. d4 cxd4 8.
Nxd4 Qb6 9. Nb3 d6 10. Be3 Qa6 11. c5 d5 12. a4 Bg4 13. h3 Bd7 14. Bg5 Rad8 15.
Nb5 h6 16. Bxf6 Bxf6 17. Qd2 Rc8 18. Bxd5 Bxh3 19. Rfd1 Kg7 20. Kh2 Bf5 21. e3
Rfd8 22. Qe2 Ne5 23. f3 Bd3 24. Rxd3 Nxd3 25. Qxd3 e6 26. e4 exd5 27. exd5 b6
28. Rc1 bxc5 29. Nxc5 Qb6 30. b4 a6 31. Nc3 Qxb4 32. N3e4 Be7 33. Rb1 Qa5 34.
Qd4+ Kg8 35. d6 Rxd6 36. Nxd6 Bxd6 37. Qxd6 Qxc5 38. Qxc5 Rxc5 39. Rb6 Ra5 40.
Rb4 Rc5 41. Rb6 Ra5 42. Rb4 h5 43. f4 Kg7 44. Kh3 Kf6 45. g4 hxg4+ 46. Kxg4 Ke6
47. Rd4 Rd5 48. Rb4 Rd6 49. Rb7 Rd5 50. Rb6+ Rd6 51. Rb7 Kf6 52. Ra7 Kg7 53.
Kf3 Rf6 54. Kg4 Kf8 55. a5 Kg7 56. Kg3 Rc6 57. Kh4 Rc4 58. Kg4 Rc3 59. Kh4 Rf3
60. Kg5 Rg3+ 61. Kh4 Rg1 62. Kh3 Kf6 63. Rxa6+ Kf5 64. Rb6 Ra1 65. a6 Kxf4 66.
Rf6+ Kg5 67. Rxf7 Ra3+ 68. Kg2 Rxa6 69. Rb7 Ra2+ 70. Kg3 Ra3+ 71. Kg2 Kh5 72.
Rb4 g5 73. Rc4 g4 74. Rc8 1/2-1/2

[Event "19. Open de Sants Hostafrancs 2017"]
[Site "Barcelona ESP"]
[Date "2017.08.19"]
[Round "2.42"]
[White "German, Nikita"]
[Black "Salinas Herrera, Pablo"]
[Result "1/2-1/2"]
[WhiteElo "2178"]
[BlackElo "2411"]
[PlyCount "57"]
[EventDate "2017.08.18"]
[EventType "swiss"]
[EventRounds "10"]
[EventCountry "ESP"]
[SourceTitle "Ajedrez en Madrid"]
[Source "lmi"]
[SourceDate "2017.08.18"]

1. e4 c5 2. Nf3 e6 3. d4 cxd4 4. Nxd4 a6 5. Bd3 Bc5 6. Nb3 Ba7 7. O-O Nc6 8.
Qe2 d6 9. Be3 Nf6 10. c4 e5 11. Rd1 Be6 12. Bxa7 Rxa7 13. Nc3 O-O 14. Nd5 Nd7
15. Qe3 b6 16. Nd2 a5 17. b3 Qb8 18. a3 Rc8 19. Rab1 Re8 20. b4 axb4 21. axb4
Qa8 22. Nf3 Qb8 23. c5 Bxd5 24. exd5 Ne7 25. c6 Nf6 26. Bc4 b5 27. Bb3 Ra3 28.
Qc1 Qa7 29. Ne1 1/2-1/2

[Event "19. Open de Sants Hostafrancs 2017"]
[Site "Barcelona ESP"]
[Date "2017.08.19"]
[Round "2.43"]
[White "Garriga Cazorla, Pere"]
[Black "Campos Olaya, Israel"]
[Result "1-0"]
[WhiteElo "2405"]
[BlackElo "2189"]
[PlyCount "57"]
[EventDate "2017.08.18"]
[EventType "swiss"]
[EventRounds "10"]
[EventCountry "ESP"]
[SourceTitle "Ajedrez en Madrid"]
[Source "lmi"]
[SourceDate "2017.08.18"]

1. d4 Nf6 2. c4 g6 3. Nc3 Bg7 4. e4 d6 5. Nf3 O-O 6. h3 e5 7. d5 a5 8. Bg5 Na6
9. g4 Nc5 10. Nd2 h6 11. Be3 Nh7 12. h4 c6 13. Be2 Bd7 14. Nf1 Re8 15. Ng3 cxd5
16. cxd5 Bf6 17. g5 hxg5 18. h5 Nf8 19. Qd2 Rc8 20. f3 Nh7 21. Kf2 Bg7 22. Rh2
Qb6 23. Kg2 Qb4 24. hxg6 fxg6 25. Rah1 Nf8 26. Bd1 Qc4 27. Bxg5 Qd4 28. Kf1 Nd3
29. Be3 1-0

[Event "19. Open de Sants Hostafrancs 2017"]
[Site "Barcelona ESP"]
[Date "2017.08.19"]
[Round "2.44"]
[White "Tuomainen, Felix"]
[Black "Mihajlov, Sebastian"]
[Result "1-0"]
[WhiteElo "2175"]
[BlackElo "2399"]
[PlyCount "91"]
[EventDate "2017.08.18"]
[EventType "swiss"]
[EventRounds "10"]
[EventCountry "ESP"]
[SourceTitle "Ajedrez en Madrid"]
[Source "lmi"]
[SourceDate "2017.08.18"]

1. d4 Nf6 2. c4 g6 3. Nc3 Bg7 4. e4 d6 5. Nf3 O-O 6. Be2 e5 7. d5 Nh5 8. O-O
Nf4 9. Bxf4 exf4 10. Ne1 Qe8 11. Bf3 f5 12. exf5 Bxc3 13. bxc3 Bxf5 14. c5 Nd7
15. cxd6 cxd6 16. Be2 Qe5 17. Rc1 Be4 18. Nf3 Bxf3 19. Bxf3 Nc5 20. Re1 Qf6 21.
Qd2 Rae8 22. h3 b6 23. c4 h5 24. Re2 Rxe2 25. Qxe2 Rf7 26. Re1 Kg7 27. Qd2 Kf8
28. Bd1 Re7 29. Rxe7 Kxe7 30. a4 a5 31. Kh2 Qe5 32. Bc2 Kf7 33. Kh1 Kg7 34. Qc1
Qc3 35. Qb1 Qxc4 36. Bxg6 Qb4 37. Qf5 Qe1+ 38. Kh2 Qe5 39. Qf7+ Kh6 40. Qh7+
Kg5 41. Bxh5 Qf5 42. h4+ Kf6 43. Qh8+ Ke7 44. Qg7+ Kd8 45. Bg4 Qe5 46. Qf8+ 1-0

[Event "19. Open de Sants Hostafrancs 2017"]
[Site "Barcelona ESP"]
[Date "2017.08.19"]
[Round "2.45"]
[White "Souleidis, Georgios"]
[Black "Gonell Aparici, Ramon"]
[Result "1-0"]
[WhiteElo "2397"]
[BlackElo "2181"]
[PlyCount "117"]
[EventDate "2017.08.18"]
[EventType "swiss"]
[EventRounds "10"]
[EventCountry "ESP"]
[SourceTitle "Ajedrez en Madrid"]
[Source "lmi"]
[SourceDate "2017.08.18"]

1. e4 e6 2. d4 d5 3. Bd3 dxe4 4. Bxe4 c5 5. Ne2 Nf6 6. Bf3 Nc6 7. Be3 cxd4 8.
Nxd4 Bd7 9. Nxc6 Bxc6 10. Bxc6+ bxc6 11. O-O Qxd1 12. Rxd1 Be7 13. c4 O-O 14.
Nc3 Rfd8 15. f3 h5 16. Kf2 Kf8 17. Na4 Nd7 18. Ke2 Ke8 19. Rac1 a6 20. b3 c5
21. f4 Rac8 22. Rd3 Nf6 23. Rxd8+ Kxd8 24. Rd1+ Ke8 25. g3 Rc6 26. Kf3 Nd7 27.
h3 g6 28. g4 f5 29. Nb2 Bf6 30. Nd3 Ke7 31. gxh5 gxh5 32. Rg1 Kf7 33. Ke2 Rc8
34. Bf2 Rc6 35. Rc1 a5 36. Be1 Ra6 37. Bd2 Ra8 38. Rg1 Ra6 39. Be3 Rc6 40. Rc1
Rc8 41. Kd2 Be7 42. Kc2 Bf6 43. Rg1 Rc6 44. Rg2 Rc8 45. Bd2 Ra8 46. Bc3 Bxc3
47. Kxc3 Rg8 48. Rxg8 Kxg8 49. a3 Kf7 50. b4 axb4+ 51. axb4 cxb4+ 52. Kxb4 Ke7
53. Kb5 Nf6 54. Kc6 h4 55. c5 Nd5 56. Kb7 Kd8 57. c6 Nc7 58. Ne5 Nd5 59. Nf7+
1-0

[Event "19. Open de Sants Hostafrancs 2017"]
[Site "Barcelona ESP"]
[Date "2017.08.19"]
[Round "2.46"]
[White "Saber, Yasser"]
[Black "Oblitas, Carlomagno"]
[Result "0-1"]
[WhiteElo "2173"]
[BlackElo "2397"]
[PlyCount "70"]
[EventDate "2017.08.18"]
[EventType "swiss"]
[EventRounds "10"]
[EventCountry "ESP"]
[SourceTitle "Ajedrez en Madrid"]
[Source "lmi"]
[SourceDate "2017.08.18"]

1. d3 g6 2. g3 Bg7 3. Bg2 e5 4. Nf3 Ne7 5. e4 Nbc6 6. c3 O-O 7. O-O d5 8. Nbd2
h6 9. exd5 Nxd5 10. Re1 Re8 11. a4 a5 12. Nc4 Bf5 13. Nh4 Be6 14. Nf3 f6 15.
Na3 Bf7 16. Nc2 Qd7 17. d4 e4 18. Nd2 f5 19. Nf1 Nb6 20. Nce3 Rad8 21. f3 exf3
22. Bxf3 Re7 23. b3 g5 24. Ba3 Ree8 25. Qc2 Nd5 26. Nxd5 Bxd5 27. Bxd5+ Qxd5
28. Ne3 Nxd4 29. Nxd5 Nxc2 30. Rxe8+ Rxe8 31. Ra2 Nxa3 32. Rxa3 c6 33. Nb6 Bxc3
34. Nc4 Re2 35. Nd6 Bb4 0-1

[Event "19. Open de Sants Hostafrancs 2017"]
[Site "Barcelona ESP"]
[Date "2017.08.19"]
[Round "2.47"]
[White "Quirhuayo Chumbe, German Gonza"]
[Black "Ramondino, Renzo"]
[Result "1-0"]
[WhiteElo "2397"]
[BlackElo "2179"]
[PlyCount "101"]
[EventDate "2017.08.18"]
[EventType "swiss"]
[EventRounds "10"]
[EventCountry "ESP"]
[SourceTitle "Ajedrez en Madrid"]
[Source "lmi"]
[SourceDate "2017.08.18"]

1. e4 c5 2. Nf3 Nc6 3. d4 cxd4 4. Nxd4 g6 5. Nc3 Bg7 6. Be3 Nf6 7. Bc4 O-O 8.
Bb3 Re8 9. f3 e6 10. O-O d5 11. Ba4 Bd7 12. Bxc6 Bxc6 13. e5 Nd7 14. f4 f6 15.
exf6 Nxf6 16. Qf3 a6 17. Rae1 Qd6 18. Qd1 Rac8 19. Nb3 Bd7 20. Bd4 b5 21. a3 b4
22. axb4 Qxb4 23. Kh1 a5 24. Be5 a4 25. Nc1 Qa5 26. Nd3 Rc4 27. Qa1 Ra8 28. Qd1
Rac8 29. Re2 Qa8 30. Nb1 Rd8 31. Nd2 Rcc8 32. Rfe1 Bb5 33. Nf3 Ne4 34. Bxg7
Kxg7 35. Ng5 Qa6 36. Nxe4 dxe4 37. Rxe4 Bxd3 38. cxd3 Qxd3 39. Qxa4 Qd5 40. h3
Rc6 41. Re5 Qd7 42. Qe4 Kf7 43. b4 Rb8 44. b5 Rcb6 45. Qc4 Qc8 46. Rc5 Qe8 47.
f5 gxf5 48. Rxf5+ Kg8 49. Rg5+ Kf8 50. Rf1+ Ke7 51. Qc7+ 1-0

[Event "19. Open de Sants Hostafrancs 2017"]
[Site "Barcelona ESP"]
[Date "2017.08.19"]
[Round "2.48"]
[White "Ayza Leon, David"]
[Black "Dhulipalla, Bala Chandra Prasad"]
[Result "1/2-1/2"]
[WhiteElo "2170"]
[BlackElo "2392"]
[PlyCount "100"]
[EventDate "2017.08.18"]
[EventType "swiss"]
[EventRounds "10"]
[EventCountry "ESP"]
[SourceTitle "Ajedrez en Madrid"]
[Source "lmi"]
[SourceDate "2017.08.18"]

1. e4 e5 2. Nf3 Nc6 3. Bc4 Nf6 4. Ng5 d5 5. exd5 Na5 6. Bb5+ c6 7. dxc6 bxc6 8.
Bd3 Nd5 9. Nf3 Nf4 10. O-O Bd6 11. Re1 Nxd3 12. cxd3 O-O 13. Nxe5 c5 14. Nc3
Bb7 15. b3 Nc6 16. Nxc6 Bxc6 17. Qh5 f5 18. Bb2 Rf6 19. g3 Qd7 20. Qh4 Rf7 21.
Qc4 Qb7 22. f4 Rd8 23. Re3 Bf8 24. Na4 Bd5 25. Qc2 Qc8 26. Rae1 Ba8 27. Kf2 Qc6
28. Rg1 g5 29. Qc4 g4 30. Qe6 Qxe6 31. Rxe6 Rxd3 32. Bc3 Bd5 33. Re3 Be4 34.
Rxd3 Bxd3 35. Nb2 Be4 36. d3 Bd5 37. Re1 Rd7 38. Nc4 Bb7 39. Ke3 h5 40. Kd2 h4
41. Re5 hxg3 42. hxg3 Be4 43. Nb2 Bd6 44. Re8+ Bf8 45. Ke3 Bd5 46. Be5 Kf7 47.
Rc8 Be6 48. Rc6 Be7 49. a4 Bd8 50. Ra6 Rb7 1/2-1/2

[Event "19. Open de Sants Hostafrancs 2017"]
[Site "Barcelona ESP"]
[Date "2017.08.19"]
[Round "2.49"]
[White "Duran Vega, Sergio"]
[Black "Movileanu, Daniela"]
[Result "1/2-1/2"]
[WhiteElo "2389"]
[BlackElo "2176"]
[PlyCount "150"]
[EventDate "2017.08.18"]
[EventType "swiss"]
[EventRounds "10"]
[EventCountry "ESP"]
[SourceTitle "Ajedrez en Madrid"]
[Source "lmi"]
[SourceDate "2017.08.18"]

1. d4 Nf6 2. c4 g6 3. Nc3 d5 4. Bf4 Bg7 5. e3 O-O 6. Rc1 Be6 7. c5 Nh5 8. Bg5
b6 9. b4 a5 10. a3 axb4 11. axb4 Nc6 12. b5 Na5 13. c6 Nf6 14. Bd3 Ne8 15. Nge2
f6 16. Bh4 Bf7 17. O-O Qd6 18. Bg3 e5 19. e4 dxe4 20. Nxe4 Qe7 21. dxe5 fxe5
22. N2c3 Nb3 23. Rb1 Nd4 24. Qg4 Nf5 25. Ra1 Rd8 26. Bc2 Ned6 27. Rfe1 Nxe4 28.
Nxe4 Rd4 29. Qf3 Rb4 30. Qa3 Rxb5 31. Qxe7 Nxe7 32. Ra7 Nxc6 33. Rxc7 Nd4 34.
Nd6 Nxc2 35. Rxc2 Rc5 36. Rxc5 bxc5 37. Nxf7 Kxf7 38. Bxe5 Re8 39. f4 Bxe5 40.
fxe5 Ke6 41. Kf2 Rf8+ 42. Ke3 Kxe5 43. Kd3+ Kd6 44. Re2 Ra8 45. Kc4 Ra4+ 46.
Kc3 Kd5 47. Re7 h5 48. Rg7 Rg4 49. g3 Ke4 50. Rf7 Rg5 51. Rf6 Ke5 52. Rc6 Kd5
53. Rf6 Rg4 54. Kd3 g5 55. Rf5+ Kd6 56. Rf8 h4 57. gxh4 gxh4 58. Rh8 Kd5 59.
Rh5+ Kc6 60. Rh8 c4+ 61. Kc3 Kd5 62. Rh5+ Ke4 63. Kxc4 Kf3+ 64. Kd3 Kg2 65. Ke3
Kxh2 66. Kf3 Rg3+ 67. Kf2 h3 68. Rh8 Rg7 69. Rh6 Ra7 70. Rh8 Ra3 71. Rh7 Ra6
72. Rh8 Rf6+ 73. Ke2 Kg2 74. Rg8+ Kh1 75. Rh8 h2 1/2-1/2

[Event "19. Open de Sants Hostafrancs 2017"]
[Site "Barcelona ESP"]
[Date "2017.08.19"]
[Round "2.50"]
[White "Martinez Pla, Xavier"]
[Black "Pfreundt, Jakob"]
[Result "1-0"]
[WhiteElo "2166"]
[BlackElo "2388"]
[PlyCount "95"]
[EventDate "2017.08.18"]
[EventType "swiss"]
[EventRounds "10"]
[EventCountry "ESP"]
[SourceTitle "Ajedrez en Madrid"]
[Source "lmi"]
[SourceDate "2017.08.18"]

1. e4 c6 2. d4 d5 3. e5 Bf5 4. Nf3 e6 5. Be2 Nd7 6. O-O Be7 7. Nbd2 h5 8. Ne1
h4 9. h3 Nh6 10. Nb3 Nf8 11. a4 g5 12. c4 Ng6 13. cxd5 exd5 14. Nd3 Qc8 15. Re1
Rg8 16. Kh2 Rh8 17. a5 g4 18. hxg4 Nxg4+ 19. Bxg4 Bxg4 20. f3 Bf5 21. Qe2 Nf8
22. a6 b6 23. Bd2 Ne6 24. Nf4 Nxf4 25. Bxf4 Qe6 26. Nd2 Rc8 27. Nf1 Qg6 28. Ne3
Be6 29. Qd2 Rg8 30. b4 Bg5 31. Bxg5 Qxg5 32. Nf1 Qf5 33. Ra3 Kd7 34. Rc3 Rg6
35. Re2 Rcg8 36. Kh1 Qb1 37. Rc1 Qb3 38. Qc2 Qc4 39. Ne3 Qb5 40. f4 Bg4 41.
Nxg4 Rxg4 42. Qf5+ Kd8 43. Qf6+ Kc8 44. Rec2 Kb8 45. Qd6+ Ka8 46. Qd7 Qxa6 47.
Rxc6 Kb8 48. b5 1-0

[Event "19. Open de Sants Hostafrancs 2017"]
[Site "Barcelona ESP"]
[Date "2017.08.19"]
[Round "2.51"]
[White "Mascaro March, Pedro"]
[Black "Gomez Sanjuan, Hector Fernando"]
[Result "1-0"]
[WhiteElo "2387"]
[BlackElo "2173"]
[PlyCount "39"]
[EventDate "2017.08.18"]
[EventType "swiss"]
[EventRounds "10"]
[EventCountry "ESP"]
[SourceTitle "Ajedrez en Madrid"]
[Source "lmi"]
[SourceDate "2017.08.18"]

1. d4 Nf6 2. Nf3 e6 3. c4 c5 4. e3 b6 5. Nc3 Bb7 6. d5 d6 7. e4 exd5 8. cxd5 g6
9. Bb5+ Nbd7 10. e5 dxe5 11. Nxe5 Bd6 12. Nc6 Qc7 13. Bh6 Bxc6 14. dxc6 Ne5 15.
Bg7 O-O-O 16. Bxf6 Be7 17. Bxh8 Rxd1+ 18. Rxd1 Nxc6 19. Nd5 Qb7 20. Bxc6 1-0

[Event "19. Open de Sants Hostafrancs 2017"]
[Site "Barcelona ESP"]
[Date "2017.08.19"]
[Round "2.53"]
[White "Konguvel, Ponnuswamy"]
[Black "Voinikonis, Nikita"]
[Result "1-0"]
[WhiteElo "2383"]
[BlackElo "2172"]
[PlyCount "61"]
[EventDate "2017.08.18"]
[EventType "swiss"]
[EventRounds "10"]
[EventCountry "ESP"]
[SourceTitle "Ajedrez en Madrid"]
[Source "lmi"]
[SourceDate "2017.08.18"]

1. e4 c5 2. Nf3 d6 3. d4 cxd4 4. Nxd4 Nf6 5. Nc3 a6 6. h3 e5 7. Nde2 h5 8. Bg5
Nbd7 9. Nd5 b6 10. Nec3 Bb7 11. Bc4 Qc8 12. Bb3 Nxd5 13. Nxd5 Ra7 14. Qf3 Bxd5
15. Bxd5 Nc5 16. Be3 Qc7 17. O-O Ne6 18. Rfd1 Be7 19. a4 a5 20. Ra3 O-O 21. Rc3
Nc5 22. Qxh5 Qd7 23. Bh6 Bf6 24. Rg3 Ne6 25. b3 Rc8 26. c4 Kf8 27. Bxe6 fxe6
28. Bg5 Bxg5 29. Rxg5 Kg8 30. Qg6 Rc6 31. Rxe5 1-0

[Event "19. Open de Sants Hostafrancs 2017"]
[Site "Barcelona ESP"]
[Date "2017.08.19"]
[Round "2.54"]
[White "Paquico Rodriguez, Ivan"]
[Black "Botta, Gabriele"]
[Result "1-0"]
[WhiteElo "2156"]
[BlackElo "2372"]
[PlyCount "85"]
[EventDate "2017.08.18"]
[EventType "swiss"]
[EventRounds "10"]
[EventCountry "ESP"]
[SourceTitle "Ajedrez en Madrid"]
[Source "lmi"]
[SourceDate "2017.08.18"]

1. d4 d5 2. c4 c6 3. Nf3 Nf6 4. e3 e6 5. b3 Nbd7 6. Bb2 Bd6 7. Bd3 Qe7 8. Ne5
dxc4 9. bxc4 Bb4+ 10. Nd2 Nxe5 11. dxe5 Nd7 12. O-O Nc5 13. Ne4 Nxe4 14. Bxe4
O-O 15. Qc2 g6 16. f4 Qc7 17. c5 Qe7 18. Bd4 Ba5 19. Rf3 Bd7 20. g4 b6 21. Rh3
Rab8 22. Rf1 Bb4 23. cxb6 axb6 24. g5 Rfc8 25. Qf2 c5 26. Bb2 c4 27. Rh6 Qf8
28. Qh4 Qg7 29. f5 gxf5 30. Bxf5 exf5 31. e6 c3 32. exd7 Rc7 33. Qf4 cxb2 34.
Qxc7 Qxg5+ 35. Qg3 Qxg3+ 36. hxg3 Bd2 37. Kf2 Bc1 38. Rxb6 Rd8 39. Rd1 Kf8 40.
Ke2 Ke7 41. Rb7 Kf6 42. a4 Kg5 43. Rb4 1-0

[Event "19. Open de Sants Hostafrancs 2017"]
[Site "Barcelona ESP"]
[Date "2017.08.19"]
[Round "2.55"]
[White "Flick, Antoine"]
[Black "De Wilde, Rik"]
[Result "1-0"]
[WhiteElo "2371"]
[BlackElo "2170"]
[PlyCount "77"]
[EventDate "2017.08.18"]
[EventType "swiss"]
[EventRounds "10"]
[EventCountry "ESP"]
[SourceTitle "Ajedrez en Madrid"]
[Source "lmi"]
[SourceDate "2017.08.18"]

1. d4 e6 2. c4 Nf6 3. Nf3 b6 4. g3 Ba6 5. Qa4 Be7 6. Bg2 O-O 7. Nc3 Qc8 8. O-O
c6 9. Bf4 d5 10. Ne5 b5 11. cxb5 cxb5 12. Nxb5 Qe8 13. Nc3 Qxa4 14. Nxa4 Bxe2
15. Rfc1 Bd6 16. Nc5 Bxe5 17. Bxe5 Nbd7 18. Bd6 Rfc8 19. Rc2 Bh5 20. Rac1 Nb6
21. Bf1 Bg6 22. Rc3 Ne4 23. Nxe4 Bxe4 24. b3 h6 25. Ba6 Rxc3 26. Rxc3 Nd7 27.
f3 Bg6 28. Rc7 Nf6 29. Bc5 Bb1 30. a4 Bc2 31. Rb7 Nh7 32. a5 Ng5 33. Kf2 Bd1
34. Bxa7 Nxf3 35. Be2 Bxe2 36. Kxe2 Nxd4+ 37. Bxd4 Rxa5 38. b4 Ra3 39. b5 1-0